1342 1815 1558 1738 1034 1192 1507 1473 1078 1555 1880 1628 1222 1838 1303 1963 1273 1104 1838 1648 1342 1080 1555 1392 1246 1603 1626 1232 1863 1087 1813 1811 1828 1918 1757 1537 1406 1948 1171 1595 1286 1543 1428 1760 1847 1457 1898 1746 1182 1391 1229 1037 1546 1597 1324 1134 1390 1523 1454 1110 1130 1961 1835 1754 1370 1957 1072 1235 1979 1335 1025 1913 1147 1234 1718 1903 1912 1876 1569 1765 1774 1538 1714 1464 1606 1995 1269 1046 1342 1018 1626 1908 1783 1285 1412 1290 1770 1031 1601 BCNSPRNW ULIB Ver.6.0+V

เปลี่ยนเป็นภาษาไทย

Change to English
 แสดงรายละเอียดบรรณานุกรม
  กลับหน้าหลัก

Brief Record : Get Marc (ISO 2709) : E-mail record : QR code < ปิดหน้าต่าง
LEADER : 00000nam 2200000uu 4500
001    13399113548
003     ULIB
008    111125s2552||||th 000 0 tha d
020    ^a9786167190068
090    ^aนว.^bอ312ค 2552
100 0  ^aอยุทธ์
245 00 ^aคีตกานต์อธิษฐานรัก/^cอยุทธ์
250    ^aพิมพ์ครั้งที่ 1
260    ^aกรุงเทพฯ :^bอินเลิฟ,^c2552
300    ^a445 หน้า
710 1  ^aอินเลิฟ
945    ^p0^l0^i17058
995    ^aกัณชพร
999    ^aใช้งานได้ทุกระบบ
รายการนี้ยังไม่มีแท็ก
คุณยังไม่ได้ล็อกอิน คุณสามารถมีกิจกรรมร่วมกับเว็บไซต์ได้ แต่ต้องล็อกอินก่อน ::
  ล็อกอิน

รายการสื่อสารสนเทศ

ลำดับที่ ประเภท เลขเรียก/บาร์โค้ด สถานที่ สถานะ
1. วิทยาศาสตร์การแพทย์ และสุขภาพ
วิทยาศาสตร์การแพทย์ และสุขภาพ
นว. อ312ค 2552  
  Barcode: 17058
ห้องสมุดวิทยาเขตสวรรค์ประชารักษ์
►นวนิยาย
บนชั้น
  ขอยืม

รายการใกล้เคียง
    ผู้แต่ง [อยุทธ์]

BibComment


ยังไม่เคยถูกคอมเมนท์

คอมเมนท์ทรัพยากรรายการนี้
  คอมเมนท์: คีตกานต์อธิษฐานร..


 Copyright 2026. Bcnsprnw @Library